000 00608nam a22002177a 4500
999 _c7478
_d7478
003 OSt
005 20211115120615.0
008 211115b ||||| |||| 00| 0 eng d
020 _a9780226006598
020 _a022600659x
040 _bDDC
_cDDC
082 _a538.7MER2010
100 _aMerrill,T.Ronald;
_915325
245 _aOur magnetic earth:
_bThe science of goemagnetism
_cMerrill Ronald T.
260 _aLondon,
_bUniversity of Chicago,
_c2010:
300 _a261p:
_bill;
_c23cm.
504 _aIncludes: Appendix and Index
600 _2Geomagnetism
650 _aPhysics.
_9809
942 _2z
_cO_SHELF